|
|
|
|
| LEADER |
00000nab a2200000 a 4500 |
| 001 |
vtls000599911 |
| 003 |
SK-MaSNL |
| 005 |
20260304083538.0 |
| 008 |
250425c1996 xo 0 slo |
| 015 |
|
|
|a SNBRB19rr/mm-uuuuu
|
| 035 |
|
|
|a CL0600050
|
| 035 |
|
|
|a urn:nbn:sk:snk-abajym
|
| 035 |
|
|
|a (urnnbn)urn:nbn:sk:snk:ar-a0a15j
|
| 035 |
|
|
|a (uuid)2d7f219b-3cfd-45e1-af58-7917b5664f2b
|
| 040 |
|
|
|a SNKBUCL
|b slo
|c SNKBUCL
|e AACR2
|
| 041 |
0 |
|
|a cze
|
| 044 |
|
|
|a xo
|c SK
|
| 080 |
|
|
|a 616.127-005.8:616.12-073.97:615.22
|2 1981
|
| 080 |
|
|
|a 616.12-073.97
|2 1981
|
| 080 |
|
|
|a 615.22
|2 1981
|
| 245 |
0 |
0 |
|a Dobutaminová zátěžová echokardiografie u nemocných s akutním infarktem myokardu
|c Václav Chaloupka ... [et al.]
|
| 300 |
|
|
|b Grafy 2, tab. 4, res. angl., čes., lit. 26 zázn. v angl.
|
| 650 |
0 |
7 |
|a myokard
|2 snkbucl
|9 14737
|
| 650 |
0 |
7 |
|a infarkt myokardu akútny
|2 snkbucl
|9 900035
|
| 650 |
0 |
7 |
|a záťažová echokardiografia
|2 snkbucl
|9 13872
|
| 650 |
0 |
7 |
|a dobutamín
|2 snkbucl
|9 1374415
|
| 655 |
|
7 |
|a články z novín a časopisov
|2 snkbucl
|9 267496
|
| 700 |
1 |
|
|a Chaloupka, Václav
|4 aut
|9 890820
|
| 700 |
1 |
|
|a Elbl, Lubomír
|4 aut
|9 1130293
|
| 700 |
1 |
|
|a Janoušek, S.
|4 aut
|9 929680
|
| 700 |
1 |
|
|a Nehyba, S.
|4 aut
|9 778619
|
| 773 |
0 |
|
|t Vnitřní lékařství
|g Roč. 42, č. 5 (1996), s. 308-313
|x 0042-773X
|
| 850 |
|
|
|a Slovenská národná knižnica
|
| 852 |
|
|
|a Slovenská národná knižnica
|
| 954 |
|
|
|a odborná, vedecká literatúra cudzojazyčná (svetová)
|2 lita
|
| 958 |
|
|
|a article14
|
| 958 |
|
|
|a RK
|
| 958 |
|
|
|a MI
|
| 958 |
|
|
|a NB
|
| 958 |
|
|
|a OND
|
| 958 |
|
|
|a EUIPO
|
| 992 |
|
|
|a RBX
|
| 999 |
|
|
|c 2800813
|d 2802743
|